Państwa które wygrały mistrzostwo świata w piłce nożnej - Statystyki

Ogólne statystyki
  • Ten quiz został rozwiązany 933 razy
  • Średni wynik to 19 z 21
Statystyki odpowiedzi
Rok Mistrz Świata % Poprawnych
1958 Brazylia
99%
1962 Brazylia
99%
1970 Brazylia
99%
1994 Brazylia
99%
2002 Brazylia
99%
1978 Argentyna
98%
1986 Argentyna
98%
1998 Francja
98%
2018 Francja
98%
2014 Niemcy
98%
2010 Hiszpania
97%
1934 Włochy
94%
1938 Włochy
94%
1982 Włochy
94%
2006 Włochy
94%
1930 Urugwaj
92%
1950 Urugwaj
92%
1966 Anglia
87%
1954 RFN
48%
1974 RFN
48%
1990 RFN
48%
Nie znaleziono quizów pasujących do podanych kryteriów
Rozkład punktacji
Procent ludzi z każdym wynikiem
Percentyl według liczby udzielonych odpowiedzi
Twoja historia wyników
Nie rozwiązałeś tego quizu